LEADER 00744nam0 2200265 450 001 000017276 005 20081009150746.0 100 $a20081009d1948----km-y0itay50------ba 101 0 $aita 102 $aIT 105 $ay-------001yy 200 1 $aPersone fisiche e persone giuridiche$fCalogero Gangi 205 $a2. ed. 210 $aMilano$cGiuffrè$d1948 215 $aXVIII, 275 p.$d25 cm 451 0$1001000011486 610 1 $aPersone fisiche 610 1 $aPersone giuridiche 676 $a347.1$v19 700 1$aGangi,$bCalogero$0227682 801 0$aIT$bUNIPARTHENOPE$c20081009$gRICA$2UNIMARC 912 $a000017276 951 $a347.1/105$b8524$cNAVA1 996 $aPersone fisiche e persone giuridiche$9583741 997 $aUNIPARTHENOPE LEADER 02758nam0 2200493 i 450 001 RAV0104785 005 20251003044324.0 010 $a8833950352 010 $a9788833950358$bRist. 2008 020 $aIT$b71-10199 100 $a20230509d1970 ||||0itac50 ba 101 | $aita 102 $ait 181 1$6z01$ai $bxxxe 182 1$6z01$an 183 1$6z01$anc$2RDAcarrier 200 1 $aAlgebra lineare$fSerge Lang 210 $a\Torino!$cBoringhieri$d1970 215 $a372 p.$d21 cm. 225 | $aProgramma di matematica, fisica, elettronica 410 0$1001CFI0017784$12001 $aProgramma di matematica, fisica, elettronica 500 10$aLinear algebra$3RAV0104786$9CFIV108378$914745 606 $aAlgebra lineare$2FIR$3CFIC006973$9E 606 $aAlgebra moderna$2FIR$3SBLC010826$9I 676 $a512$9ALGEBRA$v14 676 $a512.5$9ALGEBRE LINEARI, MULTILINEARI, MULTIDIMENSIONALI$v19 676 $a512.5$9ALGEBRE LINEARI, MULTILINEARI, MULTIDIMENSIONALI$v20 676 $a512.5$9ALGEBRE LINEARI, MULTILINEARI, MULTIDIMENSIONALI$v21 676 $a512.5$9ALGEBRA LINEARE$v22 700 1$aLang$b, Serge$f <1927-2005>$3CFIV108378$4070$01160 801 3$aIT$bIT-000000$c20230509 850 $aIT-BN0095 $aIT-NA0614 $aIT-NA0647 $aIT-AV0007 $aIT-AV0045 901 $bNAP 01$cLT $n$ 901 $bNAP MV$cF $nDEPOSITO LIBRARIO SCIENZE SOCIALI SALA F 901 $bNAP 16$cBIBLIOTECA$nComprende materiale librario e multimediale di vario argomento 901 $bNAP 01$cSALA DING $n$ 901 $bNAP 65$cSEZ. D $n$ 901 $bNAP AV$cSEZ. M $nSezione Moderna 901 $bNAP 01$cPOZZO LIB.$nVi sono collocati fondi di economia, periodici di ingegneria e scienze, periodici di economia e statistica e altri fondi comprendenti documenti di economia pervenuti in dono. 912 $aRAV0104785 950 0$aBiblioteca Centralizzata di Ateneo$c1 v.$d 01LT (AR) 0 B 103$e 01AR 0007001035 VMA 1 v.$fB $h20140120$i20140120$c1 v. in due copie$d 01LT (AR) 0 B 104$e 01AR 0007001045 VMA (bis 1 v. (2. copia)$fY $h20140120$i20140120$c1 v. in tre copie$d 01LT (AR) 0 B 105$e 01AR 0007001055 VMA (ter 1 v. (3. copia)$fY $h20190703$i20190703$c1 v.$d 01SALA DING 512 LAN.al$e 0102 0000002565 VMA A4 1 v. (11. rist. 1992)$fY $h19930602$i19930602$c1 v.$d 01POZZO LIB.ECON MON 3273$e 0101 0000149855E VMA 1 v.$fB $h20210317$i20210317 977 $a 01$a 16$a 65$a AV$a MV 996 $aLinear algebra$914745 997 $aUNISANNIO